[Event "BL2-Ost 0809"]
[Site "Germany"]
[Date "2009.03.15"]
[Round "8.6"]
[White "Nazarenus, Moritz"]
[Black "Schenk, Alexander"]
[Result "0-1"]
[WhiteElo "2215"]
[BlackElo "2255"]
[PlyCount "88"]
[EventDate "2008.10.05"]
[EventType "team-tourn"]
[EventRounds "9"]
[EventCountry "GER"]
[SourceTitle "CBM 129 Extra"]
[Source "ChessBase"]
[SourceDate "2009.05.05"]
[SourceVersion "2"]
[SourceVersionDate "2009.05.20"]
[SourceQuality "1"]
[WhiteTeam "Schoeneck"]
[BlackTeam "Chemnitz"]
[WhiteTeamCountry "GER"]
[BlackTeamCountry "GER"]

1. d4 d5 2. c4 e6 3. Nc3 c6 4. e3 Nf6 5. Nf3 Nbd7 6. Qc2 Bd6 7. g4 Nxg4 8. Rg1 f5 9. h3 Ngf6 10. Rxg7 Ne4 11. Bd2 Nf8 12. Rg2 Qf6 13. 0-0-0 Ng6 14. Be1 Bd7 15. Bd3 0-0-0 16. cxd5 Nxc3 17. Bxc3 exd5 18. Rdg1 Rdf8 19. Rg5 Kb8 20. h4 Bc8 21. b4 Ne7 22. b5 cxb5 23. Bxb5 Be6 24. Kd2 Rc8 25. Rb1 Rc7 26. Qd3 Rhc8 27. Ba5 b6 28. Ba6 Rc2+ 29. Qxc2 Rxc2+ 30. Kxc2 f4 31. Ne5 fxe3 32. fxe3 h6 33. Rf1 Qh8 34. Ng6 Nxg6 35. Rxg6 Qe8 36. Bd3 bxa5 37. Rff6 Qa4+ 38. Kc1 Ba3+ 39. Kd2 Bb4+ 40. Ke2 Qxa2+ 41. Kf3 Bc8 42. Rg8 Be1 43. Be2 Qc2 44. Re8 a4 0-1

[Event "BL2-Ost 0809"]
[Site "Germany"]
[Date "2008.12.14"]
[Round "4.6"]
[White "Schenk, Alexander"]
[Black "Doeres, Hans Juergen"]
[Result "1-0"]
[WhiteElo "2255"]
[BlackElo "2245"]
[PlyCount "91"]
[EventDate "2008.10.05"]
[EventType "team-tourn"]
[EventRounds "9"]
[EventCountry "GER"]
[SourceTitle "CBM 129 Extra"]
[Source "ChessBase"]
[SourceDate "2009.05.05"]
[SourceVersion "2"]
[SourceVersionDate "2009.05.20"]
[SourceQuality "1"]
[WhiteTeam "Chemnitz"]
[BlackTeam "Forchheim"]
[WhiteTeamCountry "GER"]
[BlackTeamCountry "GER"]

1. d4 d5 2. c4 c6 3. Nf3 Nf6 4. Nc3 a6 5. e3 b5 6. c5 Bf5 7. Qb3 Nbd7 8. a4 e5 9. Qa3 Rb8 10. axb5 axb5 11. b4 e4 12. Nd2 Be7 13. Qa6 Qc7 14. Bb2 0-0 15. Be2 Bg4 16. h3 Bxe2 17. Nxe2 h6 18. 0-0 Nh7 19. Qa7 Rb7 20. Qa3 Bg5 21. Qb3 g6 22. Ra6 Nb8 23. Ra8 Nd7 24. Rfa1 Kg7 25. Rxf8 Nhxf8 26. Ra6 Nb8 27. Ra5 f5 28. f4 exf3 29. Nxf3 Bf6 30. Nf4 Qd7 31. Qa2 Ne6 32. Nd3 Ng5 33. Nfe5 Qe7 34. Ra8 Bxe5 35. Nxe5 Nf7 36. Qa1 Nxe5 37. dxe5 Kf7 38. e6+ Qxe6 39. Rxb8 Qxe3+ 40. Kh1 Re7 41. Qa8 d4 42. Rf8+ Kg7 43. Rg8+ Kf6 44. Qb8 f4 45. Qd6+ Re6 46. Bxd4+ 1-0

[Event "BL2-Ost 0809"]
[Site "Germany"]
[Date "2008.11.30"]
[Round "3.7"]
[White "Schenk, Alexander"]
[Black "Kuraszkiewicz, Michael"]
[Result "1-0"]
[WhiteElo "2255"]
[BlackElo "2330"]
[PlyCount "57"]
[EventDate "2008.10.05"]
[EventType "team-tourn"]
[EventRounds "9"]
[EventCountry "GER"]
[SourceTitle "CBM 129 Extra"]
[Source "ChessBase"]
[SourceDate "2009.05.05"]
[SourceVersion "2"]
[SourceVersionDate "2009.05.20"]
[SourceQuality "1"]
[WhiteTeam "Chemnitz"]
[BlackTeam "Plauen Koenig"]
[WhiteTeamCountry "GER"]
[BlackTeamCountry "GER"]

1. d4 d5 2. c4 c6 3. e3 e6 4. Nc3 Nf6 5. Nf3 Nbd7 6. Bd3 dxc4 7. Bxc4 b5 8. Bd3 Bb7 9. 0-0 b4 10. Ne4 Qb6 11. Nxf6+ Nxf6 12. Qe2 c5 13. Bb5+ Bc6 14. Bxc6+ Qxc6 15. Bd2 Qb6 16. Rfc1 Be7 17. Qc4 Nd7 18. a3 bxa3 19. Rxa3 cxd4 20. Rb3 Qd6 21. Rb7 Rd8 22. Nxd4 Qd5 23. Qxd5 exd5 24. Ba5 Nb6 25. Rxa7 Rc8 26. Rc6 Bd8 27. Bxb6 Rxc6 28. Nxc6 Bxb6 29. Ra8+ 1-0

[Event "Oberliga Ost-A 0708"]
[Site "Germany"]
[Date "2008.04.20"]
[Round "11.7"]
[White "Dobierzin, Olaf"]
[Black "Schenk, Alexander"]
[Result "1/2-1/2"]
[WhiteElo "2143"]
[BlackElo "2271"]
[PlyCount "36"]
[EventDate "2007.09.23"]
[EventType "team-tourn"]
[EventRounds "11"]
[EventCountry "GER"]
[SourceTitle "EXT 2009"]
[Source "ChessBase"]
[SourceDate "2008.11.26"]
[SourceVersion "1"]
[SourceVersionDate "2008.11.26"]
[SourceQuality "1"]
[WhiteTeam "Leipzig Lok II"]
[BlackTeam "Chemnitz"]
[WhiteTeamCountry "GER"]
[BlackTeamCountry "GER"]

1. e4 Nf6 2. e5 Nd5 3. d4 d6 4. Nf3 Bg4 5. Be2 e6 6. 0-0 Be7 7. h3 Bh5 8. c4 Nb6 9. exd6 cxd6 10. Nc3 0-0 11. b3 N8d7 12. Bf4 Nf6 13. Rc1 Rc8 14. Re1 a6 15. g4 Bg6 16. Bd3 Bxd3 17. Qxd3 Re8 18. Bg3 Bf8 1/2-1/2

[Event "Oberliga Ost-A 0708"]
[Site "Germany"]
[Date "2008.03.09"]
[Round "8.6"]
[White "Bores, Roman"]
[Black "Schenk, Alexander"]
[Result "1/2-1/2"]
[WhiteElo "2196"]
[BlackElo "2271"]
[PlyCount "25"]
[EventDate "2007.09.23"]
[EventType "team-tourn"]
[EventRounds "11"]
[EventCountry "GER"]
[SourceTitle "EXT 2009"]
[Source "ChessBase"]
[SourceDate "2008.11.26"]
[SourceVersion "1"]
[SourceVersionDate "2008.11.26"]
[SourceQuality "1"]
[WhiteTeam "Ebersbach"]
[BlackTeam "Chemnitz"]
[WhiteTeamCountry "GER"]
[BlackTeamCountry "GER"]

1. e4 e6 2. d4 d5 3. Nd2 Nc6 4. Ngf3 Nf6 5. e5 Nd7 6. c4 dxc4 7. Nxc4 Bb4+ 8. Bd2 0-0 9. Be2 b6 10. 0-0 Bb7 11. a3 Bxd2 12. Qxd2 a5 13. Rfd1 1/2-1/2

[Event "Oberliga Ost-A 0607"]
[Site "Germany"]
[Date "2007.02.25"]
[Round "7.5"]
[White "Schenk, Alexander"]
[Black "Sandner, Gunter"]
[Result "0-1"]
[WhiteElo "2346"]
[BlackElo "2265"]
[PlyCount "80"]
[EventDate "2006.10.15"]
[EventType "team-tourn"]
[EventRounds "11"]
[EventCountry "GER"]
[SourceTitle "EXT 2008"]
[Source "ChessBase"]
[SourceDate "2007.11.25"]
[SourceVersion "1"]
[SourceVersionDate "2007.11.25"]
[SourceQuality "1"]
[WhiteTeam "Chemnitz"]
[BlackTeam "Plauen Koenig"]
[WhiteTeamCountry "GER"]
[BlackTeamCountry "GER"]

1. d4 Nf6 2. c4 c5 3. d5 d6 4. Nc3 g6 5. Nf3 Bg7 6. e4 0-0 7. Be2 e6 8. 0-0 exd5 9. cxd5 Bg4 10. Nd2 Bxe2 11. Qxe2 a6 12. a4 Nbd7 13. Nc4 Nb6 14. Na3 Re8 15. Qc2 Nbd7 16. Bf4 Ne5 17. Bxe5 Rxe5 18. Nc4 Re8 19. a5 Ng4 20. h3 Ne5 21. Nb6 Rb8 22. f4 Nd7 23. Nc4 Qc7 24. e5 dxe5 25. f5 Nf6 26. g4 e4 27. d6 Qc6 28. g5 Nd7 29. f6 Bf8 30. Rad1 Ne5 31. Nb6 Bxd6 32. Qxe4 Rbd8 33. Nbd5 c4 34. Ne7+ Bxe7 35. fxe7 Qc5+ 36. Kg2 Rxd1 37. Rxd1 Qxe7 38. h4 Nd3 39. Qd4 Qe3 40. Qg4 Nf2 0-1

[Event "GER-chT Betriebe"]
[Site "Berlin"]
[Date "2006.10.08"]
[Round "7.1"]
[White "Schenk, Alexander"]
[Black "Meister, Jakob"]
[Result "0-1"]
[WhiteElo "2346"]
[BlackElo "2363"]
[PlyCount "86"]
[EventDate "2006.10.05"]
[EventType "team-tourn"]
[EventRounds "7"]
[EventCountry "GER"]
[SourceTitle "EXT 2020"]
[Source "ChessBase"]
[SourceDate "2019.10.17"]
[SourceVersion "1"]
[SourceVersionDate "2019.10.17"]
[SourceQuality "1"]
[WhiteTeam "Coburg"]
[BlackTeam "SK Praesident II"]
[WhiteTeamCountry "GER"]
[BlackTeamCountry "GER"]

1. d4 d5 2. c4 dxc4 3. Nf3 a6 4. a4 Nf6 5. e3 Bg4 6. Bxc4 e6 7. h3 Bh5 8. Nbd2 Nc6 9. 0-0 Bd6 10. Be2 0-0 11. Nc4 Qe7 12. Nfe5 Bxe2 13. Nxc6 Qe8 14. Qxe2 Qxc6 15. Bd2 Rfd8 16. Rfc1 Qd5 17. Qe1 Bf8 18. Bb4 Bxb4 19. Qxb4 Rab8 20. Ne5 c6 21. Qe7 Rf8 22. b4 Qe4 23. Nd7 Nxd7 24. Qxd7 e5 25. dxe5 Qxe5 26. Rd1 h6 27. Qd4 Qe7 28. Qd6 Qg5 29. Qc5 Rfd8 30. Rd4 Rxd4 31. Qxg5 hxg5 32. exd4 Rd8 33. Rd1 Kf8 34. Kf1 Ke7 35. Ke2 Kd6 36. Kd3 Re8 37. Rb1 f6 38. f3 f5 39. Rf1 f4 40. a5 Kd5 41. Rc1 Re3+ 42. Kd2 Kxd4 43. Rc5 Re5 0-1

[Event "GER-chT Betriebe"]
[Site "Berlin"]
[Date "2006.10.06"]
[Round "4.1"]
[White "Sondermann, Johannes"]
[Black "Schenk, Alexander"]
[Result "1/2-1/2"]
[WhiteElo "2163"]
[BlackElo "2346"]
[PlyCount "51"]
[EventDate "2006.10.05"]
[EventType "team-tourn"]
[EventRounds "7"]
[EventCountry "GER"]
[SourceTitle "EXT 2020"]
[Source "ChessBase"]
[SourceDate "2019.10.17"]
[SourceVersion "1"]
[SourceVersionDate "2019.10.17"]
[SourceQuality "1"]
[WhiteTeam "SG TaxiTeam/Wiheil"]
[BlackTeam "Coburg"]
[WhiteTeamCountry "GER"]
[BlackTeamCountry "GER"]

1. e4 e6 2. d4 d5 3. Nc3 Nf6 4. e5 Nfd7 5. f4 c5 6. Nf3 Nc6 7. Be3 a6 8. Qd2 b5 9. Ne2 Qb6 10. c3 a5 11. f5 exf5 12. Nf4 cxd4 13. Nxd4 Nxd4 14. Bxd4 Qc6 15. Qe2 Rb8 16. e6 Nf6 17. Bxf6 gxf6 18. exf7+ Kxf7 19. Qh5+ Kg8 20. 0-0-0 b4 21. Rd3 Bd6 22. Rg3+ Kf8 23. Qh6+ Ke8 24. Re3+ Kd8 25. Qxf6+ Kc7 26. Qf7+ 1/2-1/2

[Event "BL2-Ost 0506"]
[Site "Germany"]
[Date "2006.04.02"]
[Round "9.5"]
[White "Schenk, Alexander"]
[Black "Enders, Peter"]
[Result "1/2-1/2"]
[WhiteElo "2352"]
[BlackElo "2443"]
[PlyCount "59"]
[EventDate "2005.10.23"]
[EventType "team-tourn"]
[EventRounds "9"]
[EventCountry "GER"]
[SourceTitle "EXT 2007"]
[Source "ChessBase"]
[SourceDate "2006.11.23"]
[SourceVersion "1"]
[SourceVersionDate "2006.11.23"]
[SourceQuality "1"]
[WhiteTeam "Chemnitz"]
[BlackTeam "Erfurt"]
[WhiteTeamCountry "GER"]
[BlackTeamCountry "GER"]

1. d4 Nf6 2. c4 g6 3. Nc3 Bg7 4. e4 d6 5. Be2 0-0 6. Nf3 e5 7. 0-0 Nc6 8. d5 Ne7 9. Ne1 Nd7 10. Be3 f5 11. f3 f4 12. Bf2 g5 13. a4 h5 14. Nb5 a6 15. Na7 Rf6 16. Nxc8 Rxc8 17. Nd3 c5 18. b4 cxb4 19. Nxb4 Rg6 20. Rb1 Rc7 21. Kh1 Nc8 22. Nd3 Nc5 23. Be1 Rf7 24. Bf2 Qa5 25. Nxc5 dxc5 26. Be1 Qc7 27. Qd2 Bf8 28. Qa5 Bd6 29. Qxc7 Rxc7 30. Rb3 1/2-1/2